Aradi Tévé

Elmentve itt :
Bibliográfiai részletek
Szerző: PUSKEL Tünde Emese
Adatforrás:Meister
Forrásdokumentuma:Művelődés. -
3 sz., 1998, 7 p.
Nyelv:magyar
Kulcsszavak:intézménytörténet
televízió
mass-media
Arad
LEADER 00397nab a2200157 i 4500
001 bibPRO00001426
008 060524s1998 xx hun
040 |a Sz1 
041 |a hun 
100 1 |a PUSKEL Tünde Emese 
245 1 0 |a Aradi Tévé  |c PUSKEL Tünde Emese 
695 |a intézménytörténet 
695 |a televízió 
695 |a mass-media 
695 |a Arad 
773 0 |t Művelődés. -  |g 3 sz., 1998, 7 p.